La santa biblia antiguo y nuevo testamento. (Record no. 8308)

MARC details
000 -CABECERA
campo de control de longitud fija 01151nam a2200289 a 4500
001 - NÚMERO DE CONTROL
campo de control BRCA_8649
005 - FECHA Y HORA DE LA ÚLTIMA TRANSACCIÓN
campo de control 20190320210345.0
008 - DATOS DE LONGITUD FIJA--INFORMACIÓN GENERAL
campo de control de longitud fija 041016s1960----mx-b######---#000-0#spa-#
041 ## - CÓDIGO DE LENGUA
Código de lengua del texto/banda sonora o título independiente spa
044 ## - CÓDIGO DEL PAÍS DE LA ENTIDAD EDITORA/PRODUCTORA
Código MARC del país mx
050 #4 - SIGNATURA TOPOGRÁFICA DE LA BIBLIOTECA DEL CONGRESO
Número de clasificación BS299
-- .S26
Número de documento/Ítem 1960
245 10 - MENCIÓN DE TÍTULO
Título La santa biblia antiguo y nuevo testamento.
260 ## - PUBLICACIÓN, DISTRIBUCIÓN, ETC.
Lugar de publicación, distribución, etc. México
Nombre del editor, distribuidor, etc. Sociedades bíblicas en América Latina
Fecha de publicación, distribución, etc. 1960
300 ## - DESCRIPCIÓN FÍSICA
Extensión 1 vol. (con varias paginaciones)
Otras características físicas mapas, col.
Dimensiones 19 cm
500 ## - NOTA GENERAL
Nota general Fondo antiguo
500 ## - NOTA GENERAL
Nota general Se encuentra en Caja Fuerte
500 ## - NOTA GENERAL
Nota general CO-1
500 ## - NOTA GENERAL
Nota general Antigua versión de Casiodoro de Reina (1549). Revisada por Cipriano de Valera (1602) otras revisiones: 1862,1909 y 1960
500 ## - NOTA GENERAL
Nota general Incluye referencias
500 ## - NOTA GENERAL
Nota general Incluye tabla de los libros del antiguo y nuevo testamento, tabla de pesos y medidas
500 ## - NOTA GENERAL
Nota general Texto impreso a dos columnas
500 ## - NOTA GENERAL
Nota general Nota de encuadernación: ejemplar conservado en estuche de keratol con cierre, edición de cantos rojos
506 0# - NOTA DE RESTRICCIONES AL ACCESO
Limitaciones de acceso Fondo reservado: para su consulta es necesario credencial de usuario y carta de motivos
650 14 - PUNTO DE ACCESO ADICIONAL DE MATERIA--TÉRMINO DE MATERIA
Término de materia o nombre geográfico como elemento de entrada Biblia
Término indicativo de función/relación Español
9 (RLIN) 21580
902 ## - CATALOGADOR
Iniciales LAR
942 ## - ELEMENTOS DE PUNTO DE ACCESO ADICIONAL (KOHA)
Fuente del sistema de clasificación o colocación Library of Congress Classification
Tipo de ítem Koha Libros
Holdings
Estado de retiro Estado de pérdida Estado dañado No para préstamo Localización permanente Ubicación/localización actual Fecha de adquisición Número de inventario Total de préstamos Signatura topográfica completa Código de barras Fecha visto por última vez Precio válido a partir de Tipo de ítem Koha
El ejemplar forma parte de la colección y puede ser consultado según las políticas vigentes.       Biblioteca del Museo Franz Mayer (Rogerio Casas-Alatriste) Biblioteca del Museo Franz Mayer (Rogerio Casas-Alatriste) 04/10/2016 CO-1   BS299 1960 .S26 (CO-1) LAR00151 22/03/2019 22/03/2019 Libros